000 00414nam a2200157 4500
001 143687
003 ES-MaACL
005 20230906200851.0
007 t|
008 070214s1968 sp r ||||1| spa d
100 1 _aSerra, Josefa.
_9105610
245 1 0 _aAmor
_b: nuevas tendencias /
_cJosefa Serra.
260 _aIrĂșn :
_bEthos,
_c1968.
300 _a32 p. ;
_c18 cm.
852 _aES-MaACL
_j2059-F-20
_bR.65559
999 _c143687
_d143687